00339pab a2200121 454500008004000000100002400040245006700064260000900131300001100140362000800151650002700159773003100186180718b1985 xxu||||| |||| 00| 0 eng d aChamley, Christophe aEfficient tax reform in a dynamic model of general equilibrium c1985 a335-56 aMay aTaxation - Legislation aQuarterly Jr. of Economics